NBA's Highest Triple Doubles - Statistics

General Stats
  • This quiz has been taken 29 times
  • The average score is 6 of 20
Answer Stats
Points: Rebounds Assists Steals Blocks Answer % Correct
49 15 10 2 1 Russell Westbrook
96%
57 13 11 1 ~ Russell Westbrook
96%
38 13 17 4 1 Russell Westbrook
96%
43 12 11 ~ ~ LeBron James
86%
53 13 13 2 ~ James Harden
75%
49 14 12 ~ ~ Larry Bird
36%
29 18 9 ~ 11 Hakeem Olajuwon
18%
38 17 6 7 12 Hakeem Olajuwon
18%
24 16 10 3 11 Hakeem Olajuwon
18%
28 28 3 ~ 15 Shaquille O'Neal
18%
33 29 ~ ~ 31 Manute Bol
14%
22 25 21 ~ 3 Wilt Chamberlain
14%
50 10 12 ~ 1 Kareem Abdul-Jabbar
11%
47 11 13 4 2 Michael Jordan
11%
24 14 13 ~ 12 Nate Thurmond
11%
46 10 13 ~ 2 Tracy McGrady
11%
46 16 14 3 1 Vince Carter
11%
31 16 20 6 ~ Fat Lever
7%
45 13 11 2 ~ MIchael Adams
0%
38 11 11 9 ~ Michael Ray Richardson
0%
No matching quizzes found
Score Distribution
Percent of People with Each Score
Percentile by Number Answered
Your Score History
You have not taken this quiz